[Event "IV Open RGCC 2018"]
[Site "Gijon"]
[Date "2018.07.23"]
[Round "1"]
[White "Martinez Alcantara, Jose Eduardo"]
[Black "Ahmed Harjour, Arabi"]
[Result "1-0"]
[WhiteElo "2539"]
[BlackElo "1951"]
[Annotator "TA"]
[PlyCount "85"]
[EventDate "2018.07.24"]
[EventType "swiss"]
[EventCountry "ESP"]
[SourceTitle "playchess.com"]
[Source "ChessBase"]
[SourceQuality "1"]

{[%evp 23,85,69,73,56,91,70,73,50,54,59,46,75,81,70,116,118,118,72,114,108,113,110,143,125,133,79,136,60,107,75,90,83,80,92,111,43,44,27,285,134,285,306,395,356,681,670,646,418,425,415,401,401,569,568,546,467,551,481,804,803,789,760,719,376]} 1. c4 c5 2. Nf3 Nc6 3. Nc3 g6 4. e3 Bg7 5. d4 cxd4 6. exd4 d6 7. d5 Ne5 8. Nxe5 Bxe5 9. Be2 Bg7 {A35: Englische Eröffnung (Symmetrische Variante)} 10. Be3 Nf6 11. O-O O-O 12. Qd2 Re8 {LiveBook: 3 Partien} 13. Rac1 b6 {[#]} 14. Nb5 $146 ({Vorgänger:} 14. h3 Bb7 15. Rfd1 Rc8 16. b3 Qd7 17. Bf3 {1-0 (35) Horvath,C (2512)-Bettalli,F (2029) Montesilvano 2016}) 14... Bd7 15. Nd4 Rc8 16. Bf3 e5 17. dxe6 $1 fxe6 18. Bg5 e5 19. Bd5+ Kh8 20. Ne2 Bc6 21. Nc3 Bxd5 22. Bxf6 $1 (22. Nxd5 Ne4 $15) (22. cxd5 $6 Qd7 $11) 22... Bxf6 23. Qxd5 ({Viel schwächer wäre} 23. Nxd5 $6 Bg5 $11) 23... Rc5 {[#]} 24. Qe4 ({Günstiger ist} 24. Qd3 $1) 24... Qd7 (24... b5 $142) 25. Nd5 ({Besser ist} 25. b3 $16) 25... Bg7 26. b4 $36 {[%cal Bb2b4,Bb4c5,Bc5c6,Bc6c7][%mdl 2080] Läuft bei Weiss.} Rcc8 27. Rfd1 Rf8 28. Qe2 Rf5 29. c5 (29. Nc3 $16) 29... bxc5 $14 30. bxc5 {Schwarz muss nun c6! beachten.} Rh5 $2 {[%mdl 8192]} (30... Rff8 $11 {und Schwarz steht sicher.}) 31. Ne3 (31. cxd6 $6 Rxc1 32. Rxc1 Qxd6 $18) (31. Rc2 $18 {bietet bessere Gewinnchancen.}) 31... Rh4 $2 {[#]} (31... e4 $16) 32. c6 $1 $18 {[%cal Rc6d7][%mdl 512]} Qd8 (32... Rxc6 33. Qb5) 33. Nd5 Rd4 $2 (33... Qe8 34. c7 Ra4) 34. Rxd4 exd4 35. Qe6 d3 {beabsichtigt ...d2.} 36. c7 Qf8 {Jetzt ...Ld4 und Schwarz darf weiter klammern.} 37. Qe3 Be5 (37... Bh6 $142 38. f4 (38. Qxd3 Bxc1 39. Qc3+ Qg7 $17) 38... d2) 38. f4 {Weiß steht klar auf Gewinn.} Bb2 39. Rd1 Ba3 {Droht ...Lc5 und aus.} 40. Qd4+ Kg8 (40... Qg7 $142 41. Qxd3 Bc5+ 42. Kh1 Bb6) 41. Qxd3 Bc5+ 42. Kh1 Qf7 43. Qh3 {Precision: Weiß = 52%, Schwarz = 28%.} 1-0

[Event "IV Open RGCC 2018"]
[Site "Gijon"]
[Date "2018.07.23"]
[Round "1"]
[White "Quesada Perez, Yasser"]
[Black "Badillo Ramos, Steve"]
[Result "1-0"]
[WhiteElo "2531"]
[BlackElo "1933"]
[Annotator "TA"]
[PlyCount "31"]
[EventDate "2018.07.24"]
[EventType "swiss"]
[EventCountry "ESP"]
[SourceTitle "playchess.com"]
[Source "ChessBase"]
[SourceQuality "1"]

{[%evp 16,31,37,53,82,82,139,82,89,70,74,62,64,83,397,386,438,433]} 1. e4 e6 2. d4 d5 3. e5 c5 4. c3 Nc6 5. Nf3 Qb6 6. a3 c4 7. Nbd2 Bd7 8. b3 cxb3 9. Nxb3 {LiveBook: 31 Games} Nh6 $146 {C02: French: Advance Variation} ({Predecessor:} 9... Na5 10. Nxa5 Qxa5 11. Bd2 Qc7 12. Bd3 Ne7 13. O-O Ng6 14. h4 Be7 15. h5 Nf8 16. Qe2 Bc6 17. Rfc1 Nd7 18. c4 dxc4 19. Rxc4 Nb6 {½-½ (69) Grischuk,A (2750)-Vachier Lagrave,M (2795) chess.com INT 2017}) 10. Bd3 a5 (10... Nf5 $142) 11. O-O ({White should play} 11. Bxh6 {Be3 is the strong threat.} gxh6 12. a4) 11... a4 $16 {White is better.} 12. Nbd2 Be7 13. Rb1 Qc7 14. c4 {[%cal Bc3c4,Bc4d5][%mdl 32]} Nf5 $2 {[%mdl 8192] [#]} (14... O-O $16 {is more resistant.}) 15. Bxf5 $1 $18 exf5 16. cxd5 1-0

[Event "IV Open RGCC 2018"]
[Site "Gijon"]
[Date "2018.07.23"]
[Round "1"]
[White "Mateuta, Gabriel"]
[Black "Llaneza Mendez, Javier"]
[Result "1/2-1/2"]
[WhiteElo "2504"]
[BlackElo "1925"]
[Annotator "TA"]
[PlyCount "94"]
[EventDate "2018.07.24"]
[EventType "swiss"]
[EventCountry "ESP"]
[SourceTitle "playchess.com"]
[Source "ChessBase"]
[SourceQuality "1"]

{[%evp 14,94,13,18,75,77,64,74,69,65,86,79,93,55,60,58,59,51,51,54,94,63,60,56,58,38,40,39,41,17,19,21,25,14,16,28,33,25,14,12,32,8,8,8,8,8,7,8,11,9,30,31,41,39,35,5,8,0,0,0,0,0,0,0,0,-8,0,0,0,0,0,0,0,0,0,0,0,0,0,0,4,0,0]} 1. d4 d5 2. Nf3 Nf6 3. c4 e6 4. Bg5 c6 5. Nbd2 Be7 6. e3 Nbd7 7. Bd3 O-O 8. O-O {LiveBook: 30 Games} Nh5 {D30: Queen's Gambit Declined: Systems without Nc3} (8... h6 $11 9. Bf4 b6) (8... b6 9. Qc2 Bb7 10. Rfd1 h6 11. Bh4 c5 12. Bf1 Rc8 13. dxc5 Nxc5 14. Rac1 Nfe4 15. Bxe7 Qxe7 16. cxd5 exd5 {1-0 (44) Bu,X (2714)-Korobov,A (2605) Beijing 2008}) 9. Bxe7 $16 Qxe7 10. Qc2 h6 {White is better.} 11. Rfe1 $146 ({Predecessor:} 11. Ne5 Nhf6 12. f4 c5 13. Rae1 {1-0 (41) Mohota,N (2351)-Lestari,B (2170) Kolkata 2009}) 11... e5 12. cxd5 cxd5 {Black wants to play ...e4.} 13. dxe5 (13. e4 {looks sharper.} exd4 14. exd5 Qc5 15. Bh7+ Kh8 16. Rac1) 13... Nxe5 14. Nxe5 Qxe5 15. Nf3 Qd6 16. Rac1 Bd7 17. Qc5 Qxc5 18. Rxc5 Nf6 19. Ne5 Be6 20. Rc7 Rab8 21. f4 Ne8 22. Rc2 Nd6 23. g4 f6 24. Ng6 Rfe8 25. h3 Bf7 26. b3 d4 27. Rce2 dxe3 28. Rxe3 Rxe3 29. Rxe3 Re8 30. Kf2 Rxe3 31. Kxe3 Bxg6 32. Bxg6 $11 {[%mdl 4096] Endgame KB-KN} Kf8 33. Kd4 Ke7 34. Kd5 Nb5 $1 {The position is equal.} 35. Kc5 Nc7 36. Be4 Ne6+ 37. Kb5 Nc7+ 38. Kc5 Ne6+ 39. Kc4 b6 40. f5 Nc7 41. Kd4 Kd6 42. Bd3 Ne8 43. Bc4 Nc7 44. h4 Ne8 45. Bf7 Nc7 46. Bc4 Ne8 47. Bf7 Nc7 {Precision: White = 63%, Black = 71%.} 1/2-1/2

[Event "IV Open RGCC 2018"]
[Site "Gijon"]
[Date "2018.07.23"]
[Round "1"]
[White "Manolache, Marius"]
[Black "Gonzalez Guedes, Iyan"]
[Result "1-0"]
[WhiteElo "2494"]
[BlackElo "1922"]
[Annotator "TA"]
[PlyCount "79"]
[EventDate "2018.07.24"]
[EventType "swiss"]
[EventCountry "ESP"]
[SourceTitle "playchess.com"]
[Source "ChessBase"]
[SourceQuality "1"]

{[%evp 11,79,54,58,20,23,39,53,42,43,14,19,9,42,39,39,0,54,49,62,48,84,17,56,24,161,175,155,172,290,287,280,275,276,288,557,107,399,400,406,406,398,396,561,549,558,557,565,565,560,562,529,511,549,545,541,527,501,465,692,693,845,829,872,764,897,877,1057,993,767,605]} 1. d4 Nf6 2. Bg5 c5 3. d5 Qb6 4. Nc3 d6 5. e4 g6 (5... Nbd7 6. Qd2 g6 7. O-O-O Bg7 8. f3 a6 9. Bh6 Bxh6 10. Qxh6 Qa5 11. f4 b5 12. e5 dxe5 13. fxe5 Nxe5 {0-1 (74) Mamedyarov,S (2743)-Iturrizaga Bonelli,E (2653) Dubai 2014}) 6. Bb5+ {A45: Trompowsky Attack} Bd7 {LiveBook: 4 Games} 7. Bxf6 exf6 8. a4 $146 {[%cal Ba2a4,Ba4a5][%mdl 32] White has an edge.} ({Predecessor:} 8. Bxd7+ Nxd7 9. Nge2 Bg7 10. O-O O-O 11. Rb1 a6 12. a4 Qc7 {1-0 (43) Janoshalmi,A (2265)-Juracsik,J (2273) Hungary 2010}) 8... a6 9. a5 Qc7 10. Ba4 (10. Bxd7+ {looks sharper.} Nxd7 11. Nf3 Bg7 12. Nd2 O-O 13. O-O) 10... Bg7 11. Nge2 Bxa4 12. Rxa4 O-O 13. h4 {[%cal Bh2h4,Bh4h5][%mdl 32]} Nd7 ({Black should try} 13... h5 $1 $11) 14. h5 $1 $14 Rfe8 15. Qd3 Re7 16. Qh3 (16. g4 $16) 16... Rae8 17. hxg6 fxg6 (17... hxg6 $11 18. g4 Kf8) 18. Qxh7+ $18 Kf7 19. Nf4 $36 {[%mdl 2048] White is really pushing.} Ne5 {[#]} (19... Nf8 $142 20. Qh3 f5) 20. Ne6 $1 Rxe6 21. dxe6+ Kxe6 {and the idea ...Rh8 leaves Black hopeful.} 22. Nd5 Qf7 $2 (22... Qd7 {was called for.}) 23. Ra3 $2 (23. f4 $18 {is more deadly.}) 23... Rh8 $2 {[%mdl 8192]} (23... f5 $16) 24. Qxh8 Bxh8 25. Rxh8 {And now Rah3 would win.} f5 {[#]} 26. Re8+ $1 {[%mdl 512]} Kd7 (26... Qxe8 {is a better defense.} 27. Nc7+ Kf7 28. Nxe8 Kxe8 29. exf5 gxf5) 27. Re7+ {White is clearly winning.} Qxe7 28. Nxe7 Kxe7 29. exf5 gxf5 {[%mdl 4096] Endgame KR-KN} 30. Rb3 Nc6 31. Rxb7+ Ke6 32. Rc7 Nxa5 33. b3 {[%cal Bb2b3,Bb3b4][%mdl 32]} Kd5 34. Kd2 c4 (34... f4 $142 35. Ra7 Nc6) 35. b4 Nc6 36. c3 Ne5 37. Ra7 Nd3 38. f3 f4 39. Rxa6 Ne5 40. Ra8 {Precision: White = 57%, Black = 30%.} 1-0

[Event "IV Open RGCC 2018"]
[Site "Gijon"]
[Date "2018.07.23"]
[Round "1"]
[White "Garcia Serrano, Jose Manuel"]
[Black "Epishin, Vladimir"]
[Result "0-1"]
[WhiteElo "1935"]
[BlackElo "2541"]
[Annotator "TA"]
[PlyCount "68"]
[EventDate "2018.07.24"]
[EventType "swiss"]
[EventCountry "ESP"]
[SourceTitle "playchess.com"]
[Source "ChessBase"]
[SourceQuality "1"]

{[%evp 19,68,7,29,32,35,30,6,-77,-68,-73,-72,-73,-85,-79,-89,-106,-84,-73,-75,-120,-113,-138,-147,-256,-245,-264,-210,-266,-255,-351,-346,-328,-344,-342,-320,-336,-343,-424,-321,-474,-459,-571,-545,-617,-618,-1997,-855,-1042,-977,-879,-808]} 1. e4 g6 2. d4 Bg7 3. Nc3 c6 4. Nf3 d6 5. Bc4 Nf6 6. e5 dxe5 7. Nxe5 O-O 8. O-O Nd5 9. Qf3 Be6 10. Ne4 {B04: Alekhine's Defence: 4 Nf3} Nc7 {[%cal Bd5c7,Bc7e6,Be6d4][%mdl 32] LiveBook: 7 Games} 11. Rd1 Bd5 {White must now prevent ...f6.} (11... Qc8 12. Be2 Bd5 13. c4 Bxe4 14. Qxe4 Nd7 15. Nf3 Re8 16. Qh4 Ne6 17. Be3 Bf6 {1-0 (60) Stevic,H (2485)-Delchev,A (2629) Pula 2001}) 12. Bb3 $146 {White is slightly better.} ({Predecessor:} 12. Bxd5 cxd5 13. Nc5 b6 14. Ncd3 f6 15. Ng4 Nc6 16. c3 e5 17. Qh3 Qc8 18. dxe5 fxe5 {½-½ (42) Havlicek,L (2302)-Czebe,A (2497) Slovakia 2007}) 12... Ne6 {Strongly threatening ...Bxb3.} 13. c4 (13. c3 $11 {remains equal.}) 13... Nxd4 $1 $17 14. Rxd4 Bxe5 15. Rd1 Bxe4 $1 16. Qxe4 {[#]} Qc7 $1 17. f4 Bg7 18. f5 Na6 19. Bf4 {[#]} Nc5 $1 20. Qe3 Qb6 21. Bc2 (21. g4 $17) 21... Qxb2 $19 22. Rac1 b6 23. Qxe7 Rae8 ({Don't do} 23... Qxa2 24. Bb1 $19) 24. Qh4 Re2 25. Bb1 Rxg2+ 26. Kh1 Re2 27. Bd6 Rfe8 28. Rg1 Qd4 29. Bg3 (29. Qxd4 {was forced.} Bxd4 30. Rg4) 29... Ne4 {Black is clearly winning.} 30. Rcd1 Qxc4 31. fxg6 hxg6 32. Rd7 Qe6 33. Rgd1 Nxg3+ 34. Qxg3 Re1+ {Precision: White = 35%, Black = 73%.} 0-1

[Event "IV Open RGCC 2018"]
[Site "Gijon"]
[Date "2018.07.23"]
[Round "1"]
[White "Machado, Tomas Dias"]
[Black "Martinez Duany, Lelys Stanley"]
[Result "0-1"]
[WhiteElo "1929"]
[BlackElo "2528"]
[Annotator "TA"]
[PlyCount "64"]
[EventDate "2018.07.24"]
[EventType "swiss"]
[EventCountry "ESP"]
[SourceTitle "playchess.com"]
[Source "ChessBase"]
[SourceQuality "1"]

{[%evp 27,64,45,48,-81,-66,-99,-98,-107,-94,-88,-65,-64,-60,-86,-68,-99,-97,-97,-98,-105,-99,-95,-66,-149,-148,-178,-185,-181,-183,-479,-483,-622,-616,-721,-721,-708,-702,-866,-841]} 1. e4 c5 2. Nf3 Nc6 3. d4 cxd4 4. Nxd4 g6 5. c4 Bg7 6. Be3 Nf6 7. Nc3 O-O 8. Be2 d6 9. O-O Bd7 10. Rc1 Nxd4 11. Bxd4 Bc6 12. f3 a5 13. b3 Nd7 14. Be3 Nc5 {[#] LiveBook: 91 Games} 15. Bxc5 $146 {B38: Sicilian: Maroczy Bind with 5...Bg7 and 7...0-0} (15. Qd2 $14) ({Predecessor:} 15. Qd2 e6 16. Rfd1 Be5 17. Bf1 Qe7 18. Ne2 Rfd8 19. Nd4 Be8 20. Qf2 f5 21. exf5 gxf5 22. g3 Bh5 23. Ne2 {1-0 (56) Wang,H (2729)-Iturrizaga Bonelli,E (2653) Dubai 2014}) 15... dxc5 $17 16. Qxd8 Rfxd8 17. Nd5 {Black is better.} Kf8 18. Rfd1 Bh6 19. Rb1 e6 20. Nc3 Bd2 21. Na4 Be3+ 22. Kf1 Ke7 23. Bd3 Bd4 24. Ke2 f5 25. g3 (25. Kd2 $15) 25... h5 26. Bc2 Rf8 {...fxe4 is the strong threat.} 27. Rf1 Rf7 28. Nb2 $2 {[#]} (28. exf5 {is a better defense.} exf5 29. Kd2) 28... fxe4 $19 {Black is clearly winning.} 29. fxe4 Rxf1 30. Kxf1 Rf8+ 31. Ke2 Rf2+ 32. Kd3 Rxh2 {Precision: White = 23%, Black = 72%.} 0-1

[Event "IV Open RGCC 2018"]
[Site "Gijon"]
[Date "2018.07.23"]
[Round "1"]
[White "Firaru, Roxana Maria"]
[Black "Reinaldo Castineira, Roi"]
[Result "0-1"]
[WhiteElo "1924"]
[BlackElo "2503"]
[Annotator "TA"]
[PlyCount "46"]
[EventDate "2018.07.24"]
[EventType "swiss"]
[EventCountry "ESP"]
[SourceTitle "playchess.com"]
[Source "ChessBase"]
[SourceQuality "1"]

{[%evp 10,46,24,16,29,18,26,20,16,16,20,20,10,11,12,-30,-24,-221,-242,-234,-241,-254,-243,-262,-212,-210,-154,-260,-261,-259,-256,-402,-399,-370,-379,-364,-395,-786,-399]} 1. e4 c5 2. Nf3 Nc6 3. d4 cxd4 4. Nxd4 Qb6 5. Nxc6 bxc6 6. Nc3 {LiveBook: 4 Games. B32: Sicilian: Löwenthal and Kalashnikov Variations} (6. Nd2 Qc7 7. Bd3 Nf6 8. O-O e6 9. b3 Be7 10. Bb2 d5 11. c4 O-O 12. Rc1 Qd8 13. Qe2 Bb7 {1-0 (70) Hovhannisyan,R (2612)-Alekseev,E (2677) St Petersburg 2012}) 6... e5 7. Bc4 Nf6 8. O-O {White has an edge.} (8. Bb3 {looks sharper.} Be7 9. Be3 Qa5 10. O-O O-O 11. Re1) 8... Be7 9. Bb3 O-O 10. Be3 Qc7 11. Qf3 a5 $146 ({Predecessor:} 11... d6 12. h3 Be6 13. Rad1 Rad8 {0-1 (45) Flir,E (1861)-Nikolov,M (2550) Bregenz 2018}) 12. a4 Rb8 13. Ne2 $2 {[#]} (13. Bg5 $11) 13... d5 $1 $19 {[%mdl 512]} 14. Bg5 (14. exd5 Bg4) 14... Nxe4 15. Bxe7 Qxe7 16. Rad1 Qg5 17. Qd3 Rb6 {[#] aiming for ...Ba6.} 18. f4 (18. Rfe1 $17 {is a better defense.}) 18... exf4 19. Rxf4 {intending Qe3.} Ba6 20. c4 (20. Qe3 $142 Bxe2 21. Re1) 20... Nc5 21. Qd4 Rxb3 22. Qxc5 Rxb2 23. h4 $2 (23. Rf2) 23... Qh6 {Precision: White = 29%, Black = 68%.} 0-1

[Event "IV Open RGCC 2018"]
[Site "Gijon"]
[Date "2018.07.24"]
[Round "2"]
[White "Epishin, Vladimir"]
[Black "Cruz Alvarez de Ron, Dan"]
[Result "1-0"]
[WhiteElo "2541"]
[BlackElo "2176"]
[Annotator "TA"]
[PlyCount "65"]
[EventDate "2018.07.24"]
[EventType "swiss"]
[EventCountry "ESP"]
[SourceTitle "playchess.com"]
[Source "ChessBase"]
[SourceQuality "1"]

{[%evp 10,65,19,14,122,100,148,127,383,135,208,136,138,125,188,152,220,230,226,218,213,166,297,291,311,320,324,332,328,322,391,389,381,369,309,276,354,382,412,417,388,372,344,351,459,475,440,432,433,404,431,433,952,928,29988,29989,29989,29990]} 1. c4 e5 2. Nc3 Nc6 3. g3 d6 4. Bg2 Be6 5. d3 Qd7 6. b4 {[%cal Bb2b4,Bb4b5][%mdl 32] LiveBook: 32 Games} O-O-O {A25: English Opening vs King's Indian with ...Nc6 but without early d3} (6... Nxb4 $11 7. Bxb7 Rb8) (6... h5 7. b5 Nd8 8. Nf3 Be7 9. h4 Nh6 10. Ng5 Bg4 11. Nd5 f6 12. Ne4 Nhf7 13. Ba3 Rc8 14. Qa4 {0-1 (29) Navara,D (2734)-Bartel,M (2622) Berlin 2015}) 7. Rb1 h5 $146 ({Predecessor:} 7... Nge7 8. Bd2 d5 9. b5 Nd4 10. e3 Ndf5 11. Qa4 Kb8 12. c5 c6 13. Nf3 f6 14. O-O cxb5 15. Rxb5 {0-1 (67) Biefel,C (1786)-Balazs,B (1873) Magdeburg 2014}) 8. h4 Nh6 $2 {[%mdl 8192]} (8... Kb8 $16) 9. Nf3 $2 (9. b5 $18 {and White stays clearly on top.} Ne7 10. Qa4) 9... f6 (9... Kb8 $16 {keeps fighting.}) 10. b5 Ne7 11. e4 Ng4 (11... Nf7 $16 12. Be3 Kb8) 12. a4 f5 (12... c5 $16 13. bxc6 Nxc6) 13. Ng5 $18 Bg8 14. exf5 Nxf5 15. Qf3 $40 {[%csl Gg2][%cal Rf3b7][%mdl 128] [#] White is out for blood.} e4 (15... d5 $142) 16. dxe4 ({Less strong is} 16. Ngxe4 d5 $16) ({Don't blunder} 16. Qxe4 $2 Re8 $19) 16... Re8 17. O-O Nd4 18. Qd1 Ne6 19. Nd5 Be7 20. Nxe6 Bxe6 21. Qd4 Kb8 22. f3 {[%cal Bf2f3,Bf3f4][%mdl 32]} ({Weaker is} 22. Qxg7 Bxd5 23. exd5 (23. cxd5 Ne5 $14) 23... Ne5 $16) 22... Ne5 23. Be3 c5 24. bxc6 Nxc6 25. Qd2 Bd8 26. Rfd1 Ne5 27. f4 Nxc4 {[#]} 28. Bxa7+ $1 {[%mdl 512]} Kxa7 29. Qd4+ Kb8 30. Qxc4 Ba5 (30... Qc8 $142 31. Qa6 Rh6 32. Qxd6+ Ka7) 31. Qa6 Be1 32. e5 Bxd5 33. Bxd5 {Precision: White = 57%, Black = 21%.} 1-0

[Event "IV Open RGCC 2018"]
[Site "Gijon"]
[Date "2018.07.24"]
[Round "2"]
[White "Martinez Duany, Lelys Stanley"]
[Black "Quiros Cueto, Pelayo"]
[Result "1/2-1/2"]
[WhiteElo "2528"]
[BlackElo "2160"]
[Annotator "TA"]
[PlyCount "98"]
[EventDate "2018.07.24"]
[EventType "swiss"]
[EventCountry "ESP"]
[SourceTitle "playchess.com"]
[Source "ChessBase"]
[SourceQuality "1"]

{[%evp 21,98,22,23,27,60,51,56,41,28,29,49,25,51,46,66,23,14,0,37,38,43,43,37,-62,-71,-61,-66,-65,-70,-63,-70,-82,0,0,0,-55,-49,-70,29,0,0,-52,0,-166,-158,-156,-139,-148,-139,-129,-129,-137,-133,-180,-185,-154,-85,-74,-75,-171,-175,-292,-290,-279,-254,-347,-345,-299,-42,-43,-25,-223,0,0,0,0,0,0,0]} 1. e4 c5 2. Nf3 e6 3. Nc3 Nc6 4. d4 cxd4 5. Nxd4 Qc7 6. f4 a6 7. Nxc6 Qxc6 8. Be2 b5 9. Bf3 Bb7 10. Qd3 {B47: Sizilianisch (Paulsen/Taimanow-Variante)} Rc8 11. Be3 Qc7 {LiveBook: 4 Partien} 12. O-O-O {Weiß hat minimalen Vorteil.} d6 13. f5 $146 ({Vorgänger:} 13. Kb1 Nf6 14. Rhe1 Be7 15. e5 Bxf3 16. exf6 Bxd1 17. fxe7 Bg4 18. Qd4 f6 {0-1 (30) Leventic,I (2370)-Ivanovic,B (2535) Kladovo 1991}) 13... Nf6 {[%cal Bg8f6,Bf6d7,Bd7c5][%mdl 32]} 14. fxe6 fxe6 15. Bf4 {[%cal Rf4d6]} b4 16. Ne2 {[%cal Bc3e2,Be2d4,Bd4b5][%mdl 32]} Nd7 17. Kb1 {[%cal Rf4d6]} Nc5 18. Qc4 a5 19. Nd4 {Droht Sb5 und aus.} Ba6 20. Nb5 Qb7 21. Bh5+ g6 {[%cal Bg7g6,Bg6h5][%mdl 32]} 22. Qd4 (22. Be2 $14 Kf7 23. Bxd6 Qxb5 24. Rhf1+ (24. Qxb5 Bxb5 25. Rhf1+ Kg8 $16) 24... Kg8 25. Qxb5 Bxb5 26. Bxb5 Bxd6 27. Rxd6) 22... Bxb5 $15 23. Qxh8 {zielt auf Lf3 ab.} gxh5 24. Bh6 $1 Qe7 $1 {Und weiter mit ...Kd7 wäre nett.} 25. Bxf8 Qxf8 26. Qxh7 {[#]} Qf7 (26... Qe7 $1 $17 {[%cal Re7h7]} 27. Qxh5+ Kd7) 27. Qh8+ $11 Qf8 28. Qxh5+ ({Günstiger ist} 28. Qh7 $11) 28... Kd7 $15 29. Rd4 Rc6 (29... Kc6 $1 $15) 30. Rhd1 Kc7 31. h4 (31. Rxd6 $11 Rxd6 32. Qxc5+ Bc6 33. Qxa5+ Kd7 34. Qa7+ Kc8 35. Qa6+ Kd7 36. Qa7+ Kc8 37. Qa6+ Kd8 38. Qb6+ Kd7 39. Rc1) 31... Kb6 (31... e5 $15 32. Qh7+ Kb6) 32. Qg6 $2 (32. Qg4 $11 {und Weiss ist OK.}) 32... Be2 $36 {[%mdl 2048] Weiss muss aufpassen.} 33. Rc1 Qf2 34. Rd2 Qe3 35. Qg5 Qxg5 36. hxg5 Bh5 37. Rh1 Nxe4 38. Rd4 Ng3 ({Lieber} 38... Bg6 {Weiss muss nun ...e5 beachten.} 39. Rh6 e5) 39. Rh3 $17 Nf5 40. Rd2 (40. g4 $17 {war die einzige Verteidigung.} Nxd4 41. gxh5) 40... Bg6 $19 41. a3 (41. g4 {war angesagt.} Ne7 42. Kc1) 41... e5 42. axb4 axb4 43. b3 Nd4 44. Kb2 Nxc2 $2 ({Schwächer ist} 44... Rxc2+ 45. Rxc2 Bxc2 46. Rh6 $17) (44... Bxc2 $19 {...Lf5 ist eine echte Drohung.} 45. Rf2 Kb5) 45. Rh6 $15 {[#]} d5 $1 46. Rxd5 $2 (46. Rf2 $1 $11 Nd4 47. Rf6) 46... Nd4 $2 (46... Ne1 $19 {Droht stark ...e4.} 47. Ka2 e4) 47. Rxe5 $11 {Die Stellung ist ausgeglichen.} Rc2+ 48. Kb1 Rc6+ 49. Kb2 $1 Rc2+ {Precision: Weiß = 33%, Schwarz = 49%.} 1/2-1/2

[Event "IV Open RGCC 2018"]
[Site "Gijon"]
[Date "2018.07.24"]
[Round "2"]
[White "Reinaldo Castineira, Roi"]
[Black "Cenal Gutierrez, Ruben"]
[Result "1-0"]
[WhiteElo "2503"]
[BlackElo "2127"]
[Annotator "TA"]
[PlyCount "31"]
[EventDate "2018.07.24"]
[EventType "swiss"]
[EventCountry "ESP"]
[SourceTitle "playchess.com"]
[Source "ChessBase"]
[SourceQuality "1"]

{[%evp 19,31,63,60,57,72,64,50,30,510,177,770,760,735,395]} 1. d4 d5 2. c4 c6 3. cxd5 cxd5 4. Nc3 Nc6 5. e4 e6 6. e5 Bd7 7. Nf3 Bb4 8. Bd3 Qb6 9. O-O Nxd4 10. Nxd4 Qxd4 11. Nb5 $1 {[%cal Rb5d4] C02: French: Advance Variation} Qxe5 {[#]} 12. Qg4 $1 {[%cal Rg4b4]} Ba5 $1 13. Bf4 Nf6 $146 {[%mdl 8192]} (13... h5 $1 $11 {and Black is okay.}) ({Predecessor:} 13... h5 14. Qh4 Qf6 15. Nd6+ Kf8 16. Bg5 Qxb2 17. Rab1 Qe5 18. Nxb7 Bc3 {½-½ (26) Rabiega,R (2475)-Jugelt,T (2375) Poznan 1996}) 14. Qg3 $2 ({Not} 14. Bxe5 Nxg4 15. Bxg7 Rg8 $11) (14. Qxg7 Qxf4 15. Qxh8+ Ke7 16. Qxa8) 14... Qh5 $2 (14... Nh5 15. Bxe5 Nxg3) 15. Qxg7 $18 Bxb5 16. Qxf6 1-0

[Event "IV Open RGCC 2018"]
[Site "Gijon"]
[Date "2018.07.24"]
[Round "2"]
[White "Cori Quispe, Kevin Joel"]
[Black "Garcia Brion, Eduardo"]
[Result "1-0"]
[WhiteElo "2487"]
[BlackElo "2119"]
[Annotator "TA"]
[PlyCount "45"]
[EventDate "2018.07.24"]
[EventType "swiss"]
[EventCountry "ESP"]
[SourceTitle "playchess.com"]
[Source "ChessBase"]
[SourceQuality "1"]

{[%evp 10,45,91,49,39,35,60,-12,64,16,24,20,33,41,31,8,53,53,52,61,56,0,63,59,76,66,76,77,112,121,303,313,372,367,370,329,589,472]} 1. e4 c6 2. d4 d5 3. e5 g6 4. c4 Bg7 5. Nc3 (5. Nf3 Nh6 6. Bd3 O-O 7. O-O Bg4 8. Nbd2 f6 9. Re1 fxe5 10. dxe5 Nd7 11. h3 Nxe5 12. Rxe5 Bxe5 13. hxg4 Nxg4 14. cxd5 cxd5 15. Nxe5 Nxe5 {1-0 (30) Svetushkin,D (2544)-Enchev,I (2465) Achaea 2016}) 5... Nh6 6. h4 {LiveBook: 3 Partien. B12: Caro-Kann (Vorstoß-Variante)} dxc4 7. Bxc4 Nf5 8. Nge2 $146 (8. Nf3 $14) ({Vorgänger:} 8. Nf3 h5 9. O-O O-O 10. Bg5 Be6 11. Bxe6 fxe6 12. Qb3 Qd7 {½-½ (23) Wieder,H-Gebhardt,M Trier 1991}) 8... h5 (8... c5 $1 $11) 9. Bg5 c5 10. Qa4+ Bd7 11. Qb3 O-O $1 12. e6 $36 {[%cal Re6f7][%mdl 2048] Weiss hat gut koordiniertes Spiel.} (12. Qxb7 Bc6 $17) 12... Nxd4 13. Nxd4 (13. Qxb7 Bc6 $15) 13... cxd4 14. Nd5 {[%cal Bc3d5,Bd5e7,Be7g6][%mdl 32]} ({Aber nicht} 14. Qxb7 $2 dxc3 15. exd7 (15. exf7+ $2 Kh7 $19) 15... cxb2 $19) 14... Bxe6 {...Sc6 ist eine echte Drohung.} 15. Qxb7 (15. Nxe7+ $14 Kh7 16. Nxg6 $1 {[%mdl 512]} (16. Bxe6 Qa5+ 17. Kd1 fxe6 $14) 16... Qa5+ 17. Bd2) 15... Nd7 (15... Qd7 $11 16. Qxa8 Kh7 17. Bxe7 Re8) 16. Nxe7+ $14 Kh7 {[#]} 17. Nxg6 $1 {[%mdl 512]} Re8 (17... fxg6 18. Bxd8) 18. O-O f6 19. Bxe6 Nc5 $2 (19... Rxe6 $16 20. Qd5 Ra6) 20. Qf3 $18 Rxe6 21. Qxh5+ Kg8 22. Bf4 Qb6 $2 (22... Nd3 23. Rad1 Nxf4 24. Nxf4 Re5) 23. Qf5 {Precision: Weiß = 45%, Schwarz = 31%.} 1-0